[Event "Sivas op 1st"]
[Site "Sivas"]
[Date "2019.08.21"]
[Round "4"]
[White "Odeev, Handszar"]
[Black "Temizkan, Denizcan"]
[Result "1/2-1/2"]
[WhiteElo "2360"]
[BlackElo "2175"]
[PlyCount "27"]
[EventDate "2019.08.19"]
[EventType "swiss"]
[EventRounds "9"]
[EventCountry "TUR"]
[SourceTitle "EXT 2020"]
[Source "ChessBase"]
[SourceDate "2019.10.17"]
[SourceVersion "1"]
[SourceVersionDate "2019.10.17"]
[SourceQuality "1"]

1. c4 Nf6 2. e3 e6 3. g4 d5 4. g5 Ne4 5. d3 Nd6 6. Nf3 Nd7 7. Nc3 dxc4 8. dxc4 b6 9. Be2 Bb7 10. Rg1 Nc5 11. Qc2 Nde4 12. Rg4 Nxc3 13. Qxc3 f5 14. gxf6 1/2-1/2

[Event "TUR-chT 2nd League"]
[Site "Konya"]
[Date "2019.07.25"]
[Round "5.2"]
[White "Demirbag, Alihan"]
[Black "Temizkan, Denizcan"]
[Result "0-1"]
[WhiteElo "2087"]
[BlackElo "2202"]
[PlyCount "172"]
[EventDate "2019.07.22"]
[EventType "team-swiss"]
[EventRounds "9"]
[EventCountry "TUR"]
[SourceTitle "CBM 191 Extra"]
[Source "ChessBase"]
[SourceDate "2019.09.30"]
[SourceVersion "1"]
[SourceVersionDate "2019.09.30"]
[SourceQuality "1"]
[WhiteTeam "Apaydin Satranc Spor"]
[BlackTeam "Beyazkale Satranc Evi"]
[WhiteTeamCountry "TUR"]
[BlackTeamCountry "TUR"]

1. e4 e5 2. Nf3 Nc6 3. Bc4 Be7 4. d4 d6 5. h3 Nf6 6. Nc3 0-0 7. 0-0 a6 8. a4 Bd7 9. dxe5 Nxe5 10. Nxe5 dxe5 11. Qe2 c6 12. Rd1 b5 13. Bb3 Qc7 14. Bg5 Rfd8 15. Rd3 h6 16. Bh4 Be8 17. Rad1 g5 18. Bg3 Kg7 19. Rxd8 Rxd8 20. Rd3 Nd7 21. axb5 axb5 22. Nd1 Nc5 23. Rxd8 Bxd8 24. Ne3 Nxb3 25. Nf5+ Kg6 26. cxb3 Bd7 27. Qd3 Bxf5 28. exf5+ Kf6 29. f3 Be7 30. Qe4 Qd6 31. Bf2 Qd1+ 32. Kh2 Qd5 33. Kh1 Bd6 34. g4 Ke7 35. Kg2 Kd7 36. Qc2 f6 37. Be3 Bb4 38. Bf2 Kd6 39. Be3 Be1 40. Qe2 Ba5 41. Qc2 Bb4 42. Kf2 Bc5 43. Qc3 Bd4 44. Qb4+ Qc5 45. Qd2 Qd5 46. Qb4+ Qc5 47. Qd2 Kc7 48. Ke2 Bxe3 49. Qxe3 Qxe3+ 50. Kxe3 c5 51. Kd3 Kc6 52. Kc3 Kd5 53. Kd3 b4 54. Ke3 c4 55. Kd2 Kd4 56. bxc4 Kxc4 57. Kc2 b3+ 58. Kd2 Kd4 59. Ke2 e4 60. fxe4 Kxe4 61. Kd2 Kd4 62. Ke2 Ke4 63. Kd2 Kf3 64. Kc3 Kg3 65. Kxb3 Kxh3 66. Kc4 Kxg4 67. b4 h5 68. b5 h4 69. b6 h3 70. b7 h2 71. b8Q h1Q 72. Kd3 Qf3+ 73. Kc2 Qxf5+ 74. Kd1 Qd3+ 75. Kc1 f5 76. Qh2 Qe3+ 77. Kd1 f4 78. Qh7 f3 79. Qd7+ Kg3 80. Qc7+ Qf4 81. Qc3 Kg2 82. Kc2 f2 83. Qc6+ Qf3 84. Qc5 g4 85. Kd2 f1N+ 86. Ke1 Qe3+ 0-1

[Event "Hatay op 9th"]
[Site "Hatay"]
[Date "2018.09.07"]
[Round "8"]
[White "Percin, Onder"]
[Black "Temizkan, Denizcan"]
[Result "1-0"]
[WhiteElo "1987"]
[BlackElo "2210"]
[PlyCount "79"]
[EventDate "2018.09.02"]
[EventType "swiss"]
[EventRounds "9"]
[EventCountry "TUR"]
[SourceTitle "CBM 186 Extra"]
[Source "ChessBase"]
[SourceDate "2018.08.24"]
[SourceVersion "1"]
[SourceVersionDate "2018.08.24"]
[SourceQuality "1"]

1. e4 e5 2. Nf3 Nc6 3. Bb5 g6 4. c3 Bg7 5. 0-0 a6 6. Ba4 Nge7 7. d4 exd4 8. cxd4 b5 9. Bb3 0-0 10. h3 d6 11. a3 Na5 12. Ba2 c5 13. Be3 c4 14. Nc3 d5 15. Re1 Bb7 16. Bg5 f6 17. Bd2 f5 18. e5 h6 19. Qc1 Kh7 20. h4 Bc8 21. Ne2 Nac6 22. Nf4 Qb6 23. Qc3 a5 24. Rad1 b4 25. Qe3 Nd8 26. g3 Ne6 27. Kh2 Nxf4 28. gxf4 Ng8 29. Rg1 Re8 30. axb4 axb4 31. Bb1 Nf6 32. h5 Nxh5 33. Nh4 Re6 34. Nxf5 gxf5 35. Bxf5+ Kh8 36. Qh3 Qxd4 37. Qxh5 Re7 38. Be3 Qxb2 39. Bd4 c3 40. Rxg7 1-0

[Event "Hatay op 9th"]
[Site "Hatay"]
[Date "2018.09.04"]
[Round "4"]
[White "Rahmanov, Shahriyar Teymur Og"]
[Black "Temizkan, Denizcan"]
[Result "1/2-1/2"]
[WhiteElo "2251"]
[BlackElo "2210"]
[PlyCount "90"]
[EventDate "2018.09.02"]
[EventType "swiss"]
[EventRounds "9"]
[EventCountry "TUR"]
[SourceTitle "CBM 186 Extra"]
[Source "ChessBase"]
[SourceDate "2018.08.24"]
[SourceVersion "1"]
[SourceVersionDate "2018.08.24"]
[SourceQuality "1"]

1. d4 d5 2. c4 c6 3. Nc3 Nf6 4. Nf3 e6 5. g3 dxc4 6. Bg2 Nd5 7. 0-0 Bb4 8. Qc2 0-0 9. e4 Nxc3 10. bxc3 Be7 11. e5 b5 12. h4 Bb7 13. a4 a6 14. Ng5 Bxg5 15. Bxg5 Qc7 16. Qe4 Nd7 17. Be7 Rfe8 18. Bd6 Qc8 19. h5 h6 20. f4 f5 21. Qf3 Nb6 22. Kh2 Nd5 23. Rg1 c5 24. Bxc5 Bc6 25. g4 fxg4 26. Qg3 Qd7 27. Be4 Ne7 28. Qxg4 Nf5 29. Bxf5 exf5 30. Qh4 Re6 31. axb5 axb5 32. Rxa8+ Bxa8 33. Bd6 Qe8 34. Ra1 Rxd6 35. Rxa8 Qxa8 36. exd6 Qe8 37. d5 Qe2+ 38. Kg1 Qd1+ 39. Kf2 Qd2+ 40. Kf1 Qxd5 41. Qe7 Qf3+ 42. Ke1 Qxc3+ 43. Kd1 Qf3+ 44. Kc2 Qd3+ 45. Kc1 Qc3+ 1/2-1/2

[Event "TUR-chT2"]
[Site "Konya"]
[Date "2018.07.14"]
[Round "7.1"]
[White "Temizkan, Denizcan"]
[Black "Celiker, Yakup"]
[Result "1/2-1/2"]
[WhiteElo "2207"]
[BlackElo "1996"]
[PlyCount "115"]
[EventDate "2018.07.10"]
[EventType "team-swiss"]
[EventRounds "9"]
[EventCountry "TUR"]
[SourceTitle "EXT 2019"]
[Source "ChessBase"]
[SourceDate "2018.10.10"]
[SourceVersion "1"]
[SourceVersionDate "2018.10.10"]
[SourceQuality "1"]
[WhiteTeam "Beyazkale Dernegi"]
[BlackTeam "Izmir Apaydin Dernegi"]
[WhiteTeamCountry "TUR"]
[BlackTeamCountry "TUR"]

1. d4 d5 2. c4 c6 3. e3 Nf6 4. Nf3 e6 5. Nc3 Nbd7 6. Be2 Be7 7. b3 0-0 8. 0-0 Re8 9. Bb2 Bd6 10. Qc2 Qe7 11. Rad1 dxc4 12. bxc4 e5 13. Nh4 Nf8 14. Nf5 Bxf5 15. Qxf5 exd4 16. exd4 Rad8 17. Bf3 Ng6 18. g3 Bb4 19. Rd3 Qc7 20. Rfd1 Ne7 21. Qg5 h6 22. Qc1 Ng6 23. Re3 Rxe3 24. Qxe3 Re8 25. Qd3 Qa5 26. h4 Rd8 27. Qc2 Bd6 28. h5 Nf8 29. c5 Bb8 30. Bc1 Ne6 31. Be3 b6 32. Bxc6 bxc5 33. d5 Nd4 34. Bxd4 cxd4 35. Rxd4 Be5 36. Rd3 Nxh5 37. Nb5 Qe1+ 38. Kh2 Qe4 39. d6 Qh4+ 40. Kg1 Qf6 41. d7 a6 42. Na7 Nxg3 43. fxg3 Bd4+ 44. Rxd4 Qxd4+ 45. Qf2 Qd1+ 46. Kg2 Rxd7 47. Bxd7 Qxd7 48. a3 h5 49. Qc5 Qd2+ 50. Kf3 g5 51. Nc6 Qd3+ 52. Kg2 Qe2+ 53. Qf2 Qe4+ 54. Qf3 Qc2+ 55. Kg1 Qc1+ 56. Kh2 Qb2+ 57. Kg1 Qc1+ 58. Kh2 1/2-1/2

[Event "TUR-chT"]
[Site "Kocaeli"]
[Date "2017.08.03"]
[Round "9.4"]
[White "Temizkan, Denizcan"]
[Black "Dastan, Batuhan Muhammed"]
[Result "0-1"]
[WhiteElo "2214"]
[BlackElo "2529"]
[PlyCount "140"]
[EventDate "2017.07.26"]
[EventType "team-tourn"]
[EventRounds "13"]
[EventCountry "TUR"]
[SourceTitle "CBM 179 Extra"]
[Source "ChessBase"]
[SourceDate "2017.08.23"]
[SourceVersion "1"]
[SourceVersionDate "2017.08.23"]
[SourceQuality "1"]
[WhiteTeam "Hatay Buyuksehir"]
[BlackTeam "Istanbul Turk Hava"]
[WhiteTeamCountry "TUR"]
[BlackTeamCountry "TUR"]

1. d4 f5 2. Nf3 Nf6 3. g3 g6 4. Bg2 Bg7 5. 0-0 0-0 6. b3 Ne4 7. Bb2 d5 8. c4 Be6 9. Nbd2 c6 10. e3 Kh8 11. Rc1 a5 12. Qe2 Nd7 13. Nxe4 dxe4 14. Ng5 Bg8 15. f4 a4 16. Bc3 Qb6 17. Qb2 Qa7 18. Rf2 h6 19. Nh3 axb3 20. axb3 Qa3 21. Rb1 c5 22. Rd2 cxd4 23. Qxa3 Rxa3 24. Bb4 Ra6 25. exd4 Bf6 26. Kf2 Rfa8 27. Bf1 Ra2 28. Ke3 Rxd2 29. Bxd2 Ra2 30. Bc3 b5 31. Rb2 Ra1 32. Be2 Nb6 33. Nf2 bxc4 34. bxc4 Ra3 35. Nd1 Nxc4+ 36. Bxc4 Bxc4 37. Kd2 Kg8 38. Ne3 Be6 39. Nc2 Rb3 40. Rxb3 Bxb3 41. Nb4 e6 42. Nc6 g5 43. Bb4 Kf7 44. Ne5+ Ke8 45. Ba5 Bd5 46. Ke3 Be7 47. Bd2 gxf4+ 48. gxf4 h5 49. Ng6 Bd8 50. Bb4 Kd7 51. Ne5+ Kc8 52. Nf7 Bb6 53. Ne5 Kb7 54. Be7 Bc6 55. Nf7 Kc8 56. Ne5 Bb5 57. Bb4 Kb7 58. Ng6 Bc4 59. Ne7 Ka6 60. Nc8 Bc7 61. Nd6 Bd5 62. Bc5 Ba5 63. Ne8 Kb5 64. Be7 Kc4 65. Bh4 Kb3 66. Ke2 Bc4+ 67. Ke3 Kc2 68. Nf6 Bd2+ 69. Kf2 e3+ 70. Kf3 Kd3 0-1

[Event "TUR-chT"]
[Site "Kocaeli"]
[Date "2017.08.02"]
[Round "8.4"]
[White "Sevgi, Volkan"]
[Black "Temizkan, Denizcan"]
[Result "1/2-1/2"]
[WhiteElo "2199"]
[BlackElo "2214"]
[PlyCount "108"]
[EventDate "2017.07.26"]
[EventType "team-tourn"]
[EventRounds "13"]
[EventCountry "TUR"]
[SourceTitle "CBM 179 Extra"]
[Source "ChessBase"]
[SourceDate "2017.08.23"]
[SourceVersion "1"]
[SourceVersionDate "2017.08.23"]
[SourceQuality "1"]
[WhiteTeam "Mersin Zeka"]
[BlackTeam "Hatay Buyuksehir"]
[WhiteTeamCountry "TUR"]
[BlackTeamCountry "TUR"]

1. Nf3 d5 2. g3 Nf6 3. Bg2 Bg4 4. c4 c6 5. b3 Nbd7 6. Bb2 Bxf3 7. Bxf3 e5 8. 0-0 Bd6 9. d3 0-0 10. cxd5 cxd5 11. Nc3 Nb6 12. a4 Bb4 13. a5 Nc8 14. a6 Rb8 15. Qc1 bxa6 16. Rxa6 Rb6 17. Rxb6 axb6 18. Nb5 Qd7 19. Nc7 d4 20. Qc4 Bc5 21. Na6 Bd6 22. Qc6 Qxc6 23. Bxc6 Ne7 24. Bb7 Rd8 25. Rc1 Rd7 26. Bc6 Ra7 27. Bb5 Nfd5 28. f4 h5 29. e4 Ne3 30. fxe5 Bxe5 31. Ba3 g5 32. Bb4 h4 33. Be1 hxg3 34. hxg3 Kg7 35. Bd2 Bxg3 36. Bxe3 dxe3 37. d4 f5 38. Kg2 Bf4 39. e5 g4 40. Nb4 Ng6 41. Be2 Nh4+ 42. Kf1 Rd7 43. e6 Rxd4 44. e7 Re4 45. Rc4 Rxe7 46. Rxf4 Kg6 47. Nd5 Re5 48. Rd4 Kg5 49. Nxb6 f4 50. Nc4 Nf5 51. Rd8 Re7 52. Rg8+ Ng7 53. Ne5 f3 54. Bxf3 gxf3 1/2-1/2

[Event "Sarajevo Bosna op 47th"]
[Site "Sarajevo"]
[Date "2017.05.16"]
[Round "5"]
[White "Nestorovic, Dejan"]
[Black "Temizkan, Denizcan"]
[Result "1/2-1/2"]
[WhiteElo "2375"]
[BlackElo "2124"]
[PlyCount "122"]
[EventDate "2017.05.13"]
[EventType "swiss"]
[EventRounds "9"]
[EventCountry "BIH"]
[SourceTitle "CBM 178 Extra"]
[Source "ChessBase"]
[SourceDate "2017.06.22"]
[SourceVersion "1"]
[SourceVersionDate "2017.06.22"]
[SourceQuality "1"]

1. d4 d5 2. c4 e6 3. Nc3 Nf6 4. Bg5 Be7 5. e3 0-0 6. Nf3 b6 7. Bd3 h6 8. Bh4 Bb7 9. 0-0 Nbd7 10. Qe2 Ne4 11. Bg3 Bd6 12. Rac1 Ndf6 13. cxd5 Nxc3 14. Rxc3 Nxd5 15. Rcc1 Nb4 16. Bc4 a6 17. a3 Nd5 18. e4 Nf4 19. Qe3 Ng6 20. Rcd1 Qe8 21. Rfe1 Rd8 22. Qe2 b5 23. Ba2 Bf4 24. Bxf4 Nxf4 25. Qe3 Ng6 26. Rc1 Rd7 27. Rc5 Qe7 28. Rec1 Rfd8 29. g3 Kh8 30. h4 f6 31. h5 Nf8 32. b4 Rc8 33. Qf4 Qd8 34. Kh2 Re7 35. Bb3 Qe8 36. g4 Qd8 37. Ba2 c6 38. e5 Rf7 39. Kg2 Rcc7 40. Bb1 Nd7 41. Qe4 f5 42. gxf5 Nxc5 43. Rxc5 Rxf5 44. Qg4 Rcf7 45. Qg6 Qe7 46. Be4 Kg8 47. Kf1 Rf8 48. Ke2 R8f7 49. Bxf5 Rxf5 50. Ke3 Bc8 51. Nd2 Bd7 52. Ne4 Kf8 53. Nd6 Qg5+ 54. Qxg5 Rxg5 55. Rc1 Rxh5 56. Rg1 Rh3+ 57. Rg3 Rxg3+ 58. fxg3 g5 59. g4 Kg7 60. Kf3 Kg6 61. Kg3 Kg7 1/2-1/2

[Event "Malatya Golden Apricot op 4th"]
[Site "Malatya"]
[Date "2016.08.24"]
[Round "6"]
[White "Ozen, Bahadir"]
[Black "Temizkan, Denizcan"]
[Result "1-0"]
[WhiteElo "2333"]
[BlackElo "2171"]
[PlyCount "79"]
[EventDate "2016.08.21"]
[EventType "swiss"]
[EventRounds "9"]
[EventCountry "TUR"]
[SourceTitle "CBM 174 Extra"]
[Source "ChessBase"]
[SourceDate "2016.10.10"]
[SourceVersion "1"]
[SourceVersionDate "2016.10.10"]
[SourceQuality "1"]

1. Nf3 d5 2. g3 Nf6 3. Bg2 Bg4 4. c4 c6 5. Ne5 Be6 6. cxd5 Bxd5 7. Nf3 c5 8. Nc3 Bc6 9. 0-0 e6 10. Qc2 Be7 11. e4 0-0 12. Rd1 Qa5 13. d4 Rd8 14. d5 exd5 15. Bd2 Qb6 16. e5 Ne4 17. Nxe4 dxe4 18. Ng5 Na6 19. Bxe4 Bxe4 20. Nxe4 Nb4 21. Bxb4 Qxb4 22. Nc3 Qc4 23. b3 Qe6 24. Qe4 b6 25. Nd5 Rac8 26. f4 g6 27. Rd3 b5 28. Rad1 f5 29. Qe2 a6 30. a4 bxa4 31. bxa4 Kf7 32. Nxe7 Rxd3 33. Rxd3 Qxe7 34. Rd6 c4 35. Qd1 Qa7+ 36. Kg2 Ke7 37. Kh3 Qb7 38. e6 Rc7 39. Qd4 Qe4 40. Rd7+ 1-0

[Event "TUR-chT"]
[Site "Izmir"]
[Date "2016.07.31"]
[Round "8.2"]
[White "Ozates, Tuna"]
[Black "Temizkan, Denizcan"]
[Result "1/2-1/2"]
[WhiteElo "2074"]
[BlackElo "2113"]
[PlyCount "84"]
[EventDate "2016.07.25"]
[EventType "team-swiss"]
[EventRounds "13"]
[EventCountry "TUR"]
[SourceTitle "CBM 173 Extra"]
[Source "ChessBase"]
[SourceDate "2016.08.29"]
[SourceVersion "1"]
[SourceVersionDate "2016.08.29"]
[SourceQuality "1"]
[WhiteTeam "TS Alyans"]
[BlackTeam "Hatay Buyuksehir"]
[WhiteTeamCountry "TUR"]
[BlackTeamCountry "TUR"]

1. e4 e5 2. Nf3 Nc6 3. Bc4 Nf6 4. d3 Be7 5. 0-0 0-0 6. Bb3 d6 7. c3 Na5 8. Bc2 c5 9. Nbd2 h6 10. Re1 Nh7 11. h3 Ng5 12. d4 cxd4 13. cxd4 Nc6 14. Nxg5 hxg5 15. dxe5 dxe5 16. Bb3 Nd4 17. Bd5 Be6 18. Nf3 Bf6 19. Nxd4 Bxd5 20. Nf3 Bc6 21. Qxd8 Rfxd8 22. Bxg5 Bxg5 23. Nxg5 Rd4 24. Nf3 Rxe4 25. Rxe4 Bxe4 26. Nxe5 f6 27. Nc4 Bd5 28. Ne3 Be6 29. Rc1 Bxa2 30. Rc7 b6 31. Nf5 Bf7 32. Ne7+ Kf8 33. Nc8 a5 34. Nxb6 Rd8 35. Ra7 Rd1+ 36. Kh2 Rd2 37. Na4 Rxf2 38. Rxa5 Rd2 39. Ra8+ Ke7 40. Ra7+ Kf8 41. Ra8+ Ke7 42. Ra7+ Kf8 1/2-1/2

[Event "TUR-chT"]
[Site "Izmir"]
[Date "2016.07.27"]
[Round "3.7"]
[White "Tuncer, Tuna"]
[Black "Temizkan, Denizcan"]
[Result "0-1"]
[WhiteElo "2279"]
[BlackElo "2113"]
[PlyCount "90"]
[EventDate "2016.07.25"]
[EventType "team-swiss"]
[EventRounds "13"]
[EventCountry "TUR"]
[SourceTitle "CBM 173 Extra"]
[Source "ChessBase"]
[SourceDate "2016.08.29"]
[SourceVersion "1"]
[SourceVersionDate "2016.08.29"]
[SourceQuality "1"]
[WhiteTeam "Deniz Su Aquamatch"]
[BlackTeam "Hatay Buyuksehir"]
[WhiteTeamCountry "TUR"]
[BlackTeamCountry "TUR"]

1. e4 e5 2. Nf3 Nc6 3. Bb5 a6 4. Ba4 Nf6 5. 0-0 Be7 6. Re1 b5 7. Bb3 0-0 8. c3 d6 9. h3 Nb8 10. d4 Nbd7 11. a4 Bb7 12. Bc2 Re8 13. Bd3 c6 14. Qc2 Bf8 15. Nbd2 Qb6 16. b3 g6 17. Bb2 Bg7 18. b4 c5 19. axb5 axb5 20. bxc5 dxc5 21. dxe5 Nh5 22. Rxa8 Bxa8 23. c4 b4 24. Qa4 Bc6 25. Qa1 Nf4 26. Bf1 Ra8 27. Qb1 Ne6 28. Nb3 Qc7 29. g3 Ba4 30. Nbd2 Nxe5 31. Bg2 Rd8 32. Nxe5 Rxd2 33. f4 Nd4 34. Bxd4 Rxd4 35. Qa2 Bd1 36. Nf3 b3 37. Qa1 Bxf3 38. Bxf3 Qb7 39. Qa4 b2 40. Rb1 Rd2 41. Qe8+ Bf8 42. Qa4 Qc8 43. Bg2 Qd8 44. Qb3 Qd4+ 45. Kh1 Rxg2 0-1

[Event "TUR-chT"]
[Site "Izmir"]
[Date "2016.07.25"]
[Round "1.5"]
[White "Ilter, Kerem"]
[Black "Temizkan, Denizcan"]
[Result "0-1"]
[WhiteElo "1690"]
[BlackElo "2113"]
[PlyCount "50"]
[EventDate "2016.07.25"]
[EventType "team-swiss"]
[EventRounds "13"]
[EventCountry "TUR"]
[SourceTitle "CBM 173 Extra"]
[Source "ChessBase"]
[SourceDate "2016.08.29"]
[SourceVersion "1"]
[SourceVersionDate "2016.08.29"]
[SourceQuality "1"]
[WhiteTeam "Kocaeli Buyuksehir Belediyesi"]
[BlackTeam "Hatay Buyuksehir"]
[WhiteTeamCountry "TUR"]
[BlackTeamCountry "TUR"]

1. d4 Nf6 2. Nf3 e6 3. c4 b6 4. e3 Bb7 5. Bd3 Be7 6. 0-0 0-0 7. Nbd2 d5 8. Qc2 c5 9. b3 Nc6 10. a3 cxd4 11. exd4 dxc4 12. Qxc4 Rc8 13. Qa4 a6 14. Bb2 b5 15. Bxb5 axb5 16. Qxb5 Ba8 17. b4 Nd5 18. Nb3 Bd6 19. Nc5 Rb8 20. Qc4 Nce7 21. Rfb1 Nf4 22. Ne1 Nf5 23. Bc3 Bd5 24. Qf1 Qh4 25. h3 Bxg2 0-1

[Event "Manavgat Turkey Cup"]
[Site "Manavgat"]
[Date "2016.02.03"]
[Round "7"]
[White "Temizkan, Denizcan"]
[Black "Guven, Oguz Kagan"]
[Result "1/2-1/2"]
[WhiteElo "2002"]
[BlackElo "1854"]
[PlyCount "152"]
[EventDate "2016.01.30"]
[EventType "swiss"]
[EventRounds "11"]
[EventCountry "TUR"]
[SourceTitle "CBM 170 Extra"]
[Source "ChessBase"]
[SourceDate "2016.02.25"]
[SourceVersion "1"]
[SourceVersionDate "2016.02.25"]
[SourceQuality "1"]

1. d4 c5 2. d5 e5 3. e4 d6 4. Nc3 Be7 5. Nf3 Bg4 6. Be2 Bxf3 7. Bxf3 Bg5 8. 0-0 Bxc1 9. Qxc1 a6 10. a4 Nd7 11. Be2 Ne7 12. Nd1 0-0 13. Ne3 g6 14. Nc4 Nf6 15. Qe3 Nc8 16. f4 exf4 17. Qxf4 Kg7 18. Ra3 Qe7 19. Rh3 Ng8 20. Bg4 b5 21. Ne3 Qe5 22. Nf5+ Kh8 23. Qe3 Nce7 24. Nh4 bxa4 25. Nf3 Qg7 26. Ng5 h6 27. Qf4 f5 28. exf5 gxf5 29. Bf3 Qd4+ 30. Qxd4+ cxd4 31. Ra1 Rfb8 32. Nf7+ Kg7 33. Nxd6 Rxb2 34. Rg3+ Kf6 35. Nc4 Rxc2 36. Rxa4 Ng6 37. Nb6 Re8 38. Ra1 f4 39. Rh3 d3 40. Rd1 d2 41. Kf2 Ne5 42. Be4 Rb2 43. Na4 Rb4 44. Nc3 Rd4 45. Rh4 Kg5 46. g3 fxg3+ 47. hxg3 Ng4+ 48. Rxg4+ Kxg4 49. Bf3+ Kg5 50. Ne2 Rd3 51. Nf4 Ra3 52. Rxd2 Ree3 53. Ne6+ Kf5 54. Nd4+ Ke5 55. d6 Red3 56. Re2+ Kxd6 57. Nf5+ Kd7 58. Be4 Rd1 59. Ne3 Rc1 60. Bf5+ Kd6 61. Rd2+ Kc5 62. Rd5+ Kc6 63. Rd8 Ne7 64. Be4+ Kc7 65. Rd2 Rcc3 66. Ng4 Rxg3 67. Ne5 Ng8 68. Rd7+ Kb6 69. Nc4+ Kc5 70. Nxa3 Rxa3 71. Rd5+ Kc4 72. Rd6 Ra5 73. Bd3+ Kc5 74. Rxa6 Rxa6 75. Bxa6 Kd4 76. Kf3 Nf6 1/2-1/2

[Event "Manavgat Turkey Cup"]
[Site "Manavgat"]
[Date "2016.01.31"]
[Round "3"]
[White "Temizkan, Denizcan"]
[Black "Unal, Osman"]
[Result "0-1"]
[WhiteElo "2002"]
[BlackElo "1795"]
[PlyCount "62"]
[EventDate "2016.01.30"]
[EventType "swiss"]
[EventRounds "11"]
[EventCountry "TUR"]
[SourceTitle "CBM 170 Extra"]
[Source "ChessBase"]
[SourceDate "2016.02.25"]
[SourceVersion "1"]
[SourceVersionDate "2016.02.25"]
[SourceQuality "1"]

1. d4 d5 2. c4 e6 3. Nc3 Nf6 4. Bg5 Be7 5. Nf3 0-0 6. e3 Nbd7 7. Rc1 c5 8. cxd5 Nxd5 9. Bxe7 Nxe7 10. Bd3 cxd4 11. exd4 Nf6 12. 0-0 b6 13. Qa4 Bb7 14. Ne5 Ned5 15. Rfe1 a6 16. f3 b5 17. Qd1 Nf4 18. Be4 Nxe4 19. Nxe4 f6 20. Nc6 Bxc6 21. Rxc6 Qd5 22. Rd6 Qxa2 23. Qd2 e5 24. dxe5 fxe5 25. Nc3 Qc4 26. Rxe5 b4 27. Na4 Rae8 28. Nb6 Ne2+ 29. Kh1 Ng3+ 30. hxg3 Qf1+ 31. Kh2 Rxe5 0-1

[Event "Manavgat Turkey Cup"]
[Site "Manavgat"]
[Date "2016.01.30"]
[Round "1"]
[White "Temizkan, Denizcan"]
[Black "Ulusal, Mehmet Haci"]
[Result "1-0"]
[WhiteElo "2002"]
[BlackElo "1658"]
[PlyCount "73"]
[EventDate "2016.01.30"]
[EventType "swiss"]
[EventRounds "11"]
[EventCountry "TUR"]
[SourceTitle "CBM 170 Extra"]
[Source "ChessBase"]
[SourceDate "2016.02.25"]
[SourceVersion "1"]
[SourceVersionDate "2016.02.25"]
[SourceQuality "1"]

1. d4 d5 2. c4 e6 3. Nc3 Nf6 4. Bg5 Be7 5. Nf3 Nbd7 6. e3 c6 7. Bd3 0-0 8. 0-0 b6 9. Rc1 Bb7 10. cxd5 cxd5 11. Qe2 a6 12. h3 Re8 13. Na4 b5 14. Nc5 Bxc5 15. dxc5 Rc8 16. b4 e5 17. Bf5 Rc7 18. Qb2 e4 19. Bxd7 Qxd7 20. Nd4 Bc6 21. Rfd1 h6 22. Bf4 Rcc8 23. Qe2 Kh7 24. a4 Ra8 25. axb5 axb5 26. Ra1 Qb7 27. Nf5 Rxa1 28. Rxa1 Ra8 29. Qb2 Ne8 30. Rxa8 Qxa8 31. Qe5 Qb7 32. Nd4 Qd7 33. Qb8 Qb7 34. Qxb7 Bxb7 35. Nxb5 f6 36. Na7 g5 37. Bb8 1-0

[Event "TUR-chT"]
[Site "Kocaeli"]
[Date "2015.08.15"]
[Round "13.2"]
[White "Temizkan, Denizcan"]
[Black "Dedebas, Emre Emin"]
[Result "1-0"]
[WhiteElo "1906"]
[BlackElo "1975"]
[PlyCount "125"]
[EventDate "2015.08.04"]
[EventType "team-tourn"]
[EventRounds "13"]
[EventCountry "TUR"]
[SourceTitle "CBM 167 Extra"]
[Source "ChessBase"]
[SourceDate "2015.09.14"]
[SourceVersion "1"]
[SourceVersionDate "2015.09.14"]
[SourceQuality "1"]
[WhiteTeam "Hatay Buyuksehir"]
[BlackTeam "Alyans Satranc"]
[WhiteTeamCountry "TUR"]
[BlackTeamCountry "TUR"]

1. d4 d5 2. c4 dxc4 3. e3 e5 4. Bxc4 exd4 5. exd4 Bd6 6. Nf3 Nf6 7. 0-0 0-0 8. Nc3 Nc6 9. h3 h6 10. Be3 Bf5 11. Nh4 Bh7 12. Bd3 Bxd3 13. Qxd3 Qd7 14. Rad1 Rfe8 15. Qf5 Qxf5 16. Nxf5 a6 17. d5 Ne5 18. Nxd6 cxd6 19. Bd4 Ned7 20. a4 Ne4 21. Rfe1 Nxc3 22. bxc3 b6 23. Rxe8+ Rxe8 24. Rb1 Rb8 25. Kf1 Kf8 26. Ke2 Nc5 27. Bxc5 dxc5 28. c4 Ke7 29. Kd3 Kd6 30. f4 g6 31. g4 b5 32. axb5 axb5 33. Rxb5 Rxb5 34. cxb5 Kxd5 35. Kc3 f5 36. gxf5 gxf5 37. Kb3 c4+ 38. Kb4 Kd4 39. b6 c3 40. b7 c2 41. b8Q c1Q 42. Qe5+ Kd3 43. Qxf5+ Ke3 44. Qe6+ Kd4 45. Qe5+ Kd3 46. f5 Qc4+ 47. Ka5 Qf7 48. Kb6 Qf8 49. Qd5+ Ke2 50. Qe6+ Kf3 51. f6 Qb8+ 52. Kc6 Qa8+ 53. Kd7 Qb7+ 54. Ke8 Qb8+ 55. Kf7 h5 56. Kg6 Kf4 57. Qf5+ Kg3 58. f7 Qd6+ 59. Kh7 Qf8 60. Qg5+ Kxh3 61. Qxh5+ Kg2 62. Qg5+ Kf1 63. Qg7 1-0

[Event "TUR-chT"]
[Site "Kocaeli"]
[Date "2015.08.14"]
[Round "12.6"]
[White "Karaoglan, Kivanc"]
[Black "Temizkan, Denizcan"]
[Result "1/2-1/2"]
[WhiteElo "1981"]
[BlackElo "1906"]
[PlyCount "117"]
[EventDate "2015.08.04"]
[EventType "team-tourn"]
[EventRounds "13"]
[EventCountry "TUR"]
[SourceTitle "CBM 167 Extra"]
[Source "ChessBase"]
[SourceDate "2015.09.14"]
[SourceVersion "1"]
[SourceVersionDate "2015.09.14"]
[SourceQuality "1"]
[WhiteTeam "Kahramanmaras Buyuksehir"]
[BlackTeam "Hatay Buyuksehir"]
[WhiteTeamCountry "TUR"]
[BlackTeamCountry "TUR"]

1. d4 d5 2. c4 e6 3. Nf3 Nf6 4. cxd5 exd5 5. Nc3 c6 6. Bg5 Nbd7 7. e3 Be7 8. Bd3 0-0 9. Qc2 Re8 10. 0-0 Nf8 11. h3 Bd6 12. Rfe1 h6 13. Bxf6 Qxf6 14. e4 dxe4 15. Nxe4 Qd8 16. Nxd6 Rxe1+ 17. Rxe1 Qxd6 18. Re8 g6 19. Qc5 Qxc5 20. dxc5 Kg7 21. Bc4 b5 22. cxb6 axb6 23. Ne5 b5 24. Bb3 Bb7 25. Re7 Kf6 26. Rxb7 Kxe5 27. Rxf7 Kd4 28. Kf1 c5 29. a3 Kd3 30. Ke1 c4 31. Rf3+ Kd4 32. Bc2 Nd7 33. Bxg6 Rg8 34. Bf5 Nc5 35. g4 Na4 36. b3 Nc5 37. bxc4 bxc4 38. Kd2 Nb3+ 39. Kc2 Kc5 40. Re3 Nd4+ 41. Kd2 Rb8 42. Kc1 Nb3+ 43. Kd1 Ra8 44. f4 Rxa3 45. g5 hxg5 46. fxg5 Ra1+ 47. Kc2 Kb4 48. Kb2 Rg1 49. g6 Rg2+ 50. Bc2 Nd4 51. Re4 Rxc2+ 52. Kb1 Rg2 53. Rxd4 Rxg6 54. Rg4 Rf6 55. Rg3 Rf2 56. Kc1 Rh2 57. Rf3 c3 58. Rf8 Rxh3 59. Rb8+ 1/2-1/2

[Event "TUR-chT"]
[Site "Kocaeli"]
[Date "2015.08.13"]
[Round "11.3"]
[White "Temizkan, Denizcan"]
[Black "Eren, Ataberk"]
[Result "0-1"]
[WhiteElo "1906"]
[BlackElo "1997"]
[PlyCount "48"]
[EventDate "2015.08.04"]
[EventType "team-tourn"]
[EventRounds "13"]
[EventCountry "TUR"]
[SourceTitle "CBM 167 Extra"]
[Source "ChessBase"]
[SourceDate "2015.09.14"]
[SourceVersion "1"]
[SourceVersionDate "2015.09.14"]
[SourceQuality "1"]
[WhiteTeam "Hatay Buyuksehir"]
[BlackTeam "Turk Hava Yollari"]
[WhiteTeamCountry "TUR"]
[BlackTeamCountry "TUR"]

1. d4 Nf6 2. c4 e6 3. Nf3 c5 4. d5 exd5 5. cxd5 d6 6. Nc3 g6 7. Bf4 a6 8. e4 Bg7 9. Qa4+ Bd7 10. Qb3 b5 11. Bxd6 b4 12. Nd1 Nxe4 13. Qe3 Bf5 14. Bxc5 Qxd5 15. Bxb4 Nc6 16. Bc3 0-0 17. Bxg7 Kxg7 18. Nc3 Qa5 19. Nd4 Nxd4 20. Qxd4+ Kg8 21. b4 Qa3 22. Nd5 Rfe8 23. Be2 Be6 24. Kf1 Nc3 0-1